|
|
|
|
| LEADER |
00000nta a2200000 i 4500 |
| 001 |
dolg22810 |
| 005 |
20191010144044.0 |
| 008 |
191010suuuu hu o 000 hun d |
| 040 |
|
|
|a BGE Dolgozattár Repozitórium
|b hun
|
| 041 |
|
|
|a hu
|
| 100 |
1 |
|
|a Kalmár Mónika
|
| 245 |
1 |
0 |
|a KISGYERMEKES NŐK VISSZATÉRÉSE A MUNKAERŐPIACRA GYERMEKVÁLLALÁS UTÁN, LEHETŐSÉGEK ÉS ESÉLYEK NÉGY COACHING FOLYAMAT BEMUTATÁSA NÉGY KISGYERMEKES ANYÁVAL
|c Kalmár Mónika
|h [elektronikus dokumentum]
|
| 246 |
1 |
1 |
|a KISGYERMEKES NŐK VISSZATÉRÉSE A MUNKAERŐPIACRA GYERMEKVÁLLALÁS UTÁN, LEHETŐSÉGEK ÉS ESÉLYEK NÉGY COACHING FOLYAMAT BEMUTATÁSA NÉGY KISGYERMEKES ANYÁVAL
|
| 695 |
|
|
|a anyacoaching
|
| 695 |
|
|
|a kisgyermekes nők visszatérése a munkaerőpiacra
|
| 700 |
1 |
|
|a Faragóné Lepp Katalin
|e ths
|
| 700 |
1 |
|
|a Miskó Diana
|e ths
|
| 856 |
4 |
0 |
|u http://dolgozattar.uni-bge.hu/22810/1/szakdolgozat_vegleges_20191001.pdf
|z Dokumentum-elérés
|
| 856 |
4 |
0 |
|u http://dolgozattar.uni-bge.hu/22810/7/Kalm%C3%A1r%20nyilatkozat.pdf
|z Dokumentum-elérés
|
| 856 |
4 |
0 |
|u http://dolgozattar.uni-bge.hu/22810/12/titkos%C3%ADt%C3%A1s_Kalm%C3%A1r.pdf
|z Dokumentum-elérés
|